01166nam a2200193Ia 4500001001100000003001000011008004100021040002500062041001300087100002000100245006200120250001100182260008500193300001200278500026600290501011400556520026600670650003600936L200-54000IT-CnALBA170116s9999||||xx |||||||||||||| ||und|| aIT-CnALBAcIT-CnALBA aITALIANO aBROVELLI FRANCO 0aVOI CHE MI AVETE SEGUITO. MT 19,28. MINISTERO E SEQUELA.  a1a ed. a MILANO BOLOGNAbANCORA EDITRICE c1998 [1° Ed.:1998 - Ed.Ling.Originale: 1998] a200 p.  aASPETTI DI VITA. INTRODUZIONE DELL'AUTORE. LE PAGINE DELLA BIBBIA, ELOQUENZA. BAGAGLIO PER IL CAMMINO. FATICA. TAPPE. PERSEVERANZA DIFFICOLTÀ. PERCEZIONI DELLE SPROPORZIONI TRA IL CHIAMATO E LA MISSIONE ARDUA. OBBEDIENZA POVERTÀ E CASTITÀ. STRADA CERCATA  aSocietà San Paolo EM - Piazza San Paolo, 14 - 12051 ALBA (CN) (non commercial uses only) ® Copyright 2017 aASPETTI DI VITA. INTRODUZIONE DELL'AUTORE. LE PAGINE DELLA BIBBIA, ELOQUENZA. BAGAGLIO PER IL CAMMINO. FATICA. TAPPE. PERSEVERANZA DIFFICOLTÀ. PERCEZIONI DELLE SPROPORZIONI TRA IL CHIAMATO E LA MISSIONE ARDUA. OBBEDIENZA POVERTÀ E CASTITÀ. STRADA CERCATA  aRELIGIONE - RELIGIONE CRISTIANA